000 00367nam a2200133Ia 4500
008 230411s9999 xx 000 0 und d
041 _aeng
082 _aCH/610.7343/BHA/B04630
100 _aBhalerao Vijaya
245 _aSynopsis in Preventive and Social Medicine
260 _bNational Book Depot
_aNew Delhi
_c2004
300 _a159p
999 _c155240
_d155240